[Event "EYCC 2017"]
[Site "Mamaia"]
[Date "2017.09.06"]
[Round "2"]
[White "Sieber, Fiona"]
[Black "Asatryan, Sona"]
[Result "0-1"]
[WhiteElo "2248"]
[BlackElo "2043"]
[Annotator "NA"]
[PlyCount "94"]
[EventDate "2017.??.??"]
[EventType "swiss"]
[EventCountry "ROU"]
[SourceTitle "playchess.com"]
[Source "ChessBase"]
[SourceQuality "1"]
[TimeControl "40/5400+30:1800+30"]

1. e4 {[%emt 0:00:00]} e5 {[%emt 0:00:06]} 2. Nf3 {[%emt 0:00:00]} Nc6 {[%emt 0:00:04]} 3. Bb5 {[%emt 0:00:00]} a6 {[%emt 0:00:04]} 4. Ba4 {[%emt 0:00:00]} Nf6 {[%emt 0:00:07]} 5. O-O Be7 6. Re1 {[%emt 0:00:14]} b5 {[%emt 0:00:18]} 7. Bb3 {[%emt 0:00:04]} d6 {[%emt 0:00:09]} 8. c3 {[%emt 0:00:04]} O-O {[%emt 0:00:13]} 9. h3 {[%emt 0:00:04]} Na5 {[%emt 0:00:26]} 10. Bc2 {[%emt 0:01:00]} c5 {[%emt 0:00:53]} 11. d4 {[%emt 0:00:06]} Nd7 {[%emt 0:00:44]} 12. Nbd2 {[%emt 0:01:21]} exd4 {[%emt 0:00:46]} 13. cxd4 {[%emt 0:00:05]} Nc6 {[%emt 0:00:38]} 14. d5 {[%emt 0:00:07]} Nce5 {[%emt 0:00:13]} 15. Nxe5 {[%emt 0:00:48]} Nxe5 {[%emt 0:00:25]} 16. a4 {[%emt 0:00:06]} Rb8 {[%emt 0:01:24]} 17. f4 {[%emt 0:00:19]} Ng6 {[%emt 0:00:37]} 18. Nf3 {[%emt 0:00:14]} Bh4 {[%emt 0:00:57]} 19. Rf1 {[%emt 0:00:08]} Bg3 {[%emt 0:00:28]} 20. f5 {[%emt 0:00:35]} Ne5 {[%emt 0:00:33]} 21. Ng5 {[%emt 0:02:13]} h6 {[%emt 0:00:52]} 22. f6 {[%emt 0:03:37]} gxf6 {[%emt 0:04:26]} 23. Ra3 {[%emt 0:17:31]} Bh2+ {[%emt 0:15:04]} 24. Kxh2 {[%emt 0:00:27]} hxg5 {[%emt 0:01:54]} 25. Rg3 {[%emt 0:26:20]} Kg7 {[%emt 0:07:36]} 26. Kg1 {[%emt 0:12:54]} Rh8 {[%emt 0:09:19]} 27. Rf2 {[%emt 0:03:46]} Bd7 {[%emt 0:10:10]} 28. Bd2 {[%emt 0:07:15]} Qe7 {[%emt 0:04:15]} 29. axb5 {[%emt 0:04:54]} axb5 {[%emt 0:00:59]} 30. b3 {[%emt 0:01:06]} b4 {[%emt 0:03:56]} 31. Bc1 {[%emt 0:01:37]} Rh7 {[%emt 0:05:40]} 32. Bd3 {[%emt 0:02:07]} Ra8 {[%emt 0:06:56]} 33. Bb2 {[%emt 0:00:32]} Rh6 {[%emt 0:07:05]} 34. Qf1 {[%emt 0:03:39]} Rah8 {[%emt 0:06:46]} 35. Bb5 {[%emt 0:03:05]} Bc8 {[%emt 0:01:52]} 36. Qe2 {[%emt 0:05:27]} Kf8 {[%emt 0:04:28]} 37. Rf1 {[%emt 0:03:07]} Rh4 {[%emt 0:02:01]} 38. Ra1 {[%emt 0:01:37]} g4 {[%emt 0:03:24]} 39. Ra8 {[%emt 0:01:45]} Qb7 {[%emt 0:02:15]} 40. Bxe5 {[%emt 0:00:00]} Qxa8 {[%emt 0:01:04]} 41. Bxd6+ {[%emt 0:14:21]} Kg8 {[%emt 0:05:49]} 42. Bxc5 {[%emt 0:00:51]} Qa1+ {[%emt 0:03:59]} 43. Kh2 {[%emt 0:02:10]} Qe5 {[%emt 0:01:43]} 44. Bxb4 {[%emt 0:01:38]} Rxh3+ {[%emt 0:01:03]} 45. gxh3 {[%emt 0:00:35]} Rxh3+ {[%emt 0:00:09]} 46. Kg1 {[%emt 0:00:43]} Qxg3+ {[%emt 0:00:27]} 47. Qg2 {[%emt 0:00:25]} Qe3+ {[%emt 0:00:53]} 0-1

[Event "EYCC 2017"]
[Site "Mamaia"]
[Date "2017.09.06"]
[Round "2"]
[White "Hurdzan, Tomas"]
[Black "Matviishen, Viktor"]
[Result "0-1"]
[WhiteElo "2223"]
[BlackElo "2431"]
[Annotator "TA"]
[PlyCount "90"]
[EventDate "2017.??.??"]
[EventType "swiss"]
[EventCountry "ROU"]
[SourceTitle "playchess.com"]
[Source "ChessBase"]
[SourceQuality "1"]

{[%evp 18,90,18,12,39,4,25,0,14,14,38,35,25,29,35,0,4,0,0,14,13,0,25,27,13,-18,26,23,0,-41,18,0,0,-46,0,0,9,5,10,15,45,14,54,0,0,-22,0,-58,0,0,-4,-420,-411,-491,-510,-504,-490,-487,-477,-2637,-2106,-29986,-29987,-29987,-29988,-29988,-29989,-29995,-29996,-29996,-29997,-29997,-1925,-29998,-29999]} 1. e4 e5 2. Nf3 Nc6 3. Bb5 {[%cal Bf1b5,Bb5a4,Ba4b3][%mdl 32]} Nf6 4. d3 Bc5 5. c3 O-O 6. O-O d6 7. Nbd2 a6 {C65: Ruy Lopez: Berlin Defence (3...Nf6), unusual lines and 4 0-0 Bc5} 8. Ba4 (8. Bxc6 bxc6 9. Re1 Ba7 10. d4 Re8 11. Qc2 Nh5 12. dxe5 dxe5 13. Nc4 Qf6 14. Be3 Nf4 15. Bxf4 exf4 {½-½ (47) Wang,H (2698)-Le,Q (2726) Danzhou 2017}) 8... Ba7 9. h3 h6 10. Re1 {LiveBook: 15 Games} Nh5 11. Nf1 (11. d4 $5) 11... Qf6 12. Bb3 $146 ({Find the theoretical novelty and annotate with similar games:} 12. Be3 Nf4 13. d4 Nd8 14. Ng3 g6 15. Kh2 {½-½ (47) Kiesekamp,M (2321)-Schoene,R (2284) Germany 2016}) 12... Ne7 (12... Qg6 {feels hotter.} 13. Nh4 Qf6 14. Nf3) 13. d4 Nf4 14. Be3 Neg6 15. Ng3 Re8 16. Rc1 {[%cal Ba1c1,Bc1c2,Bc2d2][%mdl 32]} c5 17. Rc2 b5 18. Rd2 exd4 19. cxd4 c4 20. Bc2 Bb7 21. Kh2 (21. h4 $5) 21... Bb8 22. Qb1 Bc7 23. b4 h5 (23... a5 $15) 24. d5 {And now Nxh5! would win.} Ne5 $1 {[%cal Re5f3] [#] White must now prevent ...Nxf3+.} 25. Nxe5 (25. Nf5 $5 {[%cal Re3f4]} Nxf3+ 26. gxf3 $11) 25... Qxe5 26. Kg1 {aiming for Nf5.} g6 27. Ne2 Nxe2+ 28. Rexe2 a5 29. Bd4 Qg5 30. a3 (30. Rd1 $14) 30... axb4 $11 31. axb4 Ra3 32. Qb2 ({White should play} 32. Kh1 $11) 32... Rea8 (32... Rxh3 $1 $15 33. Bh8 Re5 34. Bxe5 dxe5) 33. Bf6 Qf4 34. g3 $2 {[%mdl 8192]} (34. Bh8 $1 $11 Qh6 35. Bd4) 34... Qf3 $19 35. Qd4 {[#]} Ra1+ $1 {[%mdl 512]} 36. Qxa1 Rxa1+ 37. Bxa1 Bb6 38. Re1 (38. Kh2 $142 h4 39. g4) 38... Bc8 39. e5 Qxg3+ 40. Kh1 Qxh3+ 41. Kg1 Qg3+ 42. Kf1 Bh3+ 43. Ke2 Bg4+ 44. Kf1 Qh3+ 45. Kg1 Bf3 {Precision: White = 38%, Black = 51%.} 0-1

[Event "EYCC 2017"]
[Site "Mamaia"]
[Date "2017.09.06"]
[Round "2"]
[White "Kubicka, Anna"]
[Black "Hrescak, Ivana"]
[Result "1-0"]
[WhiteElo "2221"]
[BlackElo "2034"]
[Annotator "NA"]
[PlyCount "111"]
[EventDate "2017.??.??"]
[EventType "swiss"]
[EventCountry "ROU"]
[SourceTitle "playchess.com"]
[Source "ChessBase"]
[SourceQuality "1"]
[TimeControl "40/5400+30:1800+30"]

1. e4 {[%emt 0:00:00]} c5 {[%emt 0:00:06]} 2. Nf3 {[%emt 0:00:00]} d6 {[%emt 0:00:31]} 3. d4 {[%emt 0:00:03]} cxd4 {[%emt 0:00:07]} 4. Nxd4 {[%emt 0:00:05]} Nf6 {[%emt 0:00:39]} 5. Nc3 {[%emt 0:00:08]} a6 {[%emt 0:00:12]} 6. Be3 {[%emt 0:00:26]} e5 {[%emt 0:03:14]} 7. Nb3 {[%emt 0:00:08]} Be6 {[%emt 0:02:32]} 8. h3 {[%emt 0:00:19]} h5 {[%emt 0:02:42]} 9. f4 {[%emt 0:03:50]} Qc7 {[%emt 0:09:40]} 10. Qd2 {[%emt 0:13:22]} Nbd7 {[%emt 0:04:07]} 11. O-O-O {[%emt 0:06:53]} b5 {[%emt 0:02:59]} 12. Kb1 {[%emt 0:13:54]} Be7 {[%emt 0:06:12]} 13. f5 {[%emt 0:15:44]} Bc4 {[%emt 0:06:03]} 14. Bxc4 {[%emt 0:08:53]} bxc4 {[%emt 0:02:38]} 15. Nc1 {[%emt 0:01:18]} Qb7 {[%emt 0:05:29]} 16. Bg5 {[%emt 0:00:55]} Rb8 {[%emt 0:08:21]} 17. b3 {[%emt 0:00:09]} a5 {[%emt 0:05:24]} 18. Rhe1 {[%emt 0:09:09]} Qb4 {[%emt 0:07:23]} 19. Bxf6 {[%emt 0:06:01]} Nxf6 {[%emt 0:00:40]} 20. Nd5 {[%emt 0:02:20]} Nxd5 {[%emt 0:01:35]} 21. Qxd5 {[%emt 0:00:02]} O-O {[%emt 0:07:07]} 22. Qd2 {[%emt 0:02:47]} c3 {[%emt 0:03:04]} 23. Qe3 {[%emt 0:01:26]} Rfc8 {[%emt 0:03:09]} 24. Rd5 {[%emt 0:04:44]} a4 {[%emt 0:05:00]} 25. Nd3 {[%emt 0:00:25]} Qb7 {[%emt 0:00:33]} 26. b4 {[%emt 0:03:29]} a3 {[%emt 0:01:01]} 27. Ka1 {[%emt 0:00:53]} Rc4 {[%emt 0:00:45]} 28. Rb1 {[%emt 0:01:42]} Bd8 {[%emt 0:00:54]} 29. Rb3 {[%emt 0:01:00]} Ra8 {[%emt 0:03:12]} 30. Qe1 {[%emt 0:00:49]} Qc7 {[%emt 0:01:51]} 31. Qe2 {[%emt 0:02:16]} Ra4 {[%emt 0:01:48]} 32. g4 {[%emt 0:01:05]} hxg4 {[%emt 0:01:19]} 33. Qxg4 {[%emt 0:00:02]} Qb6 {[%emt 0:01:37]} 34. Rb1 {[%emt 0:01:25]} Bf6 {[%emt 0:00:37]} 35. Qe2 {[%emt 0:00:22]} Qc6 {[%emt 0:01:43]} 36. Qg2 {[%emt 0:01:00]} Kf8 {[%emt 0:00:15]} 37. Qg4 {[%emt 0:00:38]} Ke7 {[%emt 0:01:41]} 38. Qg2 {[%emt 0:00:21]} Ra8 {[%emt 0:01:20]} 39. Rb3 {[%emt 0:00:29]} Qb6 {[%emt 0:01:20]} 40. Qe2 {[%emt 0:00:00]} Qc7 {[%emt 0:01:05]} 41. Nc5 {[%emt 0:09:48]} Rd4 {[%emt 0:06:53]} 42. Rxd4 {[%emt 0:00:25]} exd4 {[%emt 0:00:07]} 43. Nd3 {[%emt 0:00:12]} Qc4 {[%emt 0:06:36]} 44. b5 {[%emt 0:01:14]} Rb8 {[%emt 0:05:38]} 45. Rb4 {[%emt 0:00:43]} Qc8 {[%emt 0:00:14]} 46. Nf4 {[%emt 0:00:26]} Qc5 {[%emt 0:05:04]} 47. Nd5+ {[%emt 0:00:49]} Kd8 {[%emt 0:00:57]} 48. b6 {[%emt 0:02:52]} Be5 {[%emt 0:04:00]} 49. Qd3 {[%emt 0:04:14]} Qa5 {[%emt 0:01:25]} 50. Qf1 {[%emt 0:04:24]} Rb7 {[%emt 0:01:02]} 51. h4 {[%emt 0:01:49]} Kc8 {[%emt 0:02:11]} 52. f6 {[%emt 0:00:43]} Bxf6 {[%emt 0:01:02]} 53. Qf5+ {[%emt 0:00:11]} Kd8 {[%emt 0:00:34]} 54. Rc4 {[%emt 0:00:34]} Rb8 {[%emt 0:00:58]} 55. b7 {[%emt 0:00:45]} Ke8 {[%emt 0:00:49]} 56. Nxf6+ {[%emt 0:00:24]} 1-0

[Event "EYCC 2017"]
[Site "Mamaia"]
[Date "2017.09.06"]
[Round "2"]
[White "Tsvetkov, Andrey"]
[Black "Stalmach, Richard"]
[Result "1-0"]
[WhiteElo "2219"]
[BlackElo "1888"]
[Annotator "NA"]
[PlyCount "63"]
[EventDate "2017.??.??"]
[EventType "swiss"]
[EventCountry "ROU"]
[SourceTitle "playchess.com"]
[Source "ChessBase"]
[SourceQuality "1"]
[TimeControl "40/5400+30:1800+30"]

1. d4 {[%emt 0:00:00]} f5 {[%emt 0:00:10]} 2. Nf3 {[%emt 0:00:00]} Nf6 {[%emt 0:00:05]} 3. g3 {[%emt 0:00:08]} g6 {[%emt 0:00:07]} 4. c4 {[%emt 0:00:39]} Bg7 {[%emt 0:00:06]} 5. b4 {[%emt 0:00:42]} d6 {[%emt 0:01:47]} 6. Bb2 {[%emt 0:00:22]} O-O {[%emt 0:02:33]} 7. Bg2 {[%emt 0:00:48]} c6 {[%emt 0:03:43]} 8. O-O {[%emt 0:02:30]} b6 {[%emt 0:12:49]} 9. Qb3 {[%emt 0:05:27]} Kh8 {[%emt 0:11:02]} 10. Nbd2 {[%emt 0:02:48]} Be6 {[%emt 0:13:52]} 11. d5 {[%emt 0:05:43]} Bd7 {[%emt 0:07:17]} 12. Nd4 {[%emt 0:01:37]} Qc8 {[%emt 0:01:12]} 13. b5 {[%emt 0:01:55]} c5 {[%emt 0:05:30]} 14. Ne6 {[%emt 0:00:52]} Rg8 {[%emt 0:02:03]} 15. e4 {[%emt 0:02:37]} fxe4 {[%emt 0:03:21]} 16. Nxe4 {[%emt 0:00:24]} Be8 {[%emt 0:01:22]} 17. Nxg7 {[%emt 0:01:43]} Kxg7 {[%emt 0:00:47]} 18. Bxf6+ {[%emt 0:00:05]} exf6 {[%emt 0:01:16]} 19. Nxd6 {[%emt 0:00:00]} Qd8 {[%emt 0:00:28]} 20. Nxe8+ {[%emt 0:02:09]} Rxe8 {[%emt 0:01:13]} 21. d6 {[%emt 0:02:15]} Nd7 {[%emt 0:00:04]} 22. Bxa8 {[%emt 0:00:11]} Qxa8 {[%emt 0:00:01]} 23. f4 {[%emt 0:00:27]} Qe4 {[%emt 0:03:18]} 24. Qc3 {[%emt 0:00:42]} Qf5 {[%emt 0:01:45]} 25. Rae1 {[%emt 0:00:29]} Re6 {[%emt 0:01:26]} 26. Rxe6 {[%emt 0:00:12]} Qxe6 {[%emt 0:00:01]} 27. Qd3 {[%emt 0:00:01]} h6 {[%emt 0:02:19]} 28. Rf2 {[%emt 0:01:53]} h5 {[%emt 0:01:59]} 29. Re2 {[%emt 0:00:24]} Qg4 {[%emt 0:00:07]} 30. Re7+ {[%emt 0:01:39]} Kh6 {[%emt 0:00:19]} 31. f5 {[%emt 0:00:13]} Ne5 {[%emt 0:00:16]} 32. Rxe5 {[%emt 0:00:07]} 1-0

[Event "EYCC 2017"]
[Site "Mamaia"]
[Date "2017.09.06"]
[Round "2"]
[White "Goltseva, Ekaterina"]
[Black "Ayan, Bengu Sena"]
[Result "1-0"]
[WhiteElo "2214"]
[BlackElo "1905"]
[Annotator "NA"]
[PlyCount "81"]
[EventDate "2017.??.??"]
[EventType "swiss"]
[EventCountry "ROU"]
[SourceTitle "playchess.com"]
[Source "ChessBase"]
[SourceQuality "1"]
[TimeControl "40/5400+30:1800+30"]

1. d4 {[%emt 0:00:00]} d5 {[%emt 0:00:05]} 2. c4 {[%emt 0:00:00]} c6 {[%emt 0:00:04]} 3. cxd5 {[%emt 0:00:00]} cxd5 {[%emt 0:00:05]} 4. Bf4 {[%emt 0:00:00]} Nf6 {[%emt 0:00:20]} 5. Nc3 {[%emt 0:00:00]} Nc6 {[%emt 0:00:09]} 6. e3 {[%emt 0:00:01]} a6 {[%emt 0:00:04]} 7. Be2 {[%emt 0:00:14]} e6 {[%emt 0:00:23]} 8. Rc1 {[%emt 0:00:10]} Be7 {[%emt 0:00:27]} 9. h3 {[%emt 0:00:32]} Bd7 {[%emt 0:03:28]} 10. Nf3 {[%emt 0:00:30]} O-O {[%emt 0:00:18]} 11. O-O {[%emt 0:00:22]} Qb6 {[%emt 0:02:46]} 12. Rb1 {[%emt 0:10:29]} Rac8 {[%emt 0:02:56]} 13. Ne5 {[%emt 0:02:20]} Rfd8 {[%emt 0:06:04]} 14. Bg5 {[%emt 0:05:32]} h6 {[%emt 0:08:55]} 15. Bh4 {[%emt 0:01:18]} Be8 {[%emt 0:17:30]} 16. f4 {[%emt 0:04:38]} Qc7 {[%emt 0:05:31]} 17. Rc1 {[%emt 0:07:46]} Ne4 {[%emt 0:06:43]} 18. Bxe7 {[%emt 0:21:12]} Qxe7 {[%emt 0:01:47]} 19. Bd3 {[%emt 0:05:32]} Nxe5 {[%emt 0:05:22]} 20. fxe5 {[%emt 0:03:54]} Qg5 {[%emt 0:01:19]} 21. Rf4 {[%emt 0:02:43]} f5 {[%emt 0:05:23]} 22. Bxe4 {[%emt 0:09:20]} dxe4 {[%emt 0:02:42]} 23. Qb3 {[%emt 0:02:09]} Bf7 {[%emt 0:06:39]} 24. Rcf1 {[%emt 0:01:40]} Rd7 {[%emt 0:01:55]} 25. Kh2 {[%emt 0:05:11]} Rf8 {[%emt 0:02:48]} 26. Na4 {[%emt 0:03:48]} Qe7 {[%emt 0:02:12]} 27. Nb6 {[%emt 0:01:37]} Rdd8 {[%emt 0:00:20]} 28. Nc4 {[%emt 0:01:31]} g5 {[%emt 0:07:58]} 29. R4f2 {[%emt 0:00:14]} b5 {[%emt 0:04:06]} 30. Nd6 {[%emt 0:01:49]} Rxd6 {[%emt 0:01:40]} 31. exd6 {[%emt 0:00:06]} Qxd6+ {[%emt 0:00:04]} 32. Kh1 {[%emt 0:02:50]} Qg3 {[%emt 0:00:44]} 33. d5 {[%emt 0:02:15]} Re8 {[%emt 0:00:35]} 34. Qc3 {[%emt 0:01:17]} b4 {[%emt 0:02:24]} 35. Qc6 {[%emt 0:02:12]} Qxe3 {[%emt 0:01:32]} 36. dxe6 {[%emt 0:00:12]} Rxe6 {[%emt 0:00:19]} 37. Qc8+ {[%emt 0:00:09]} Re8 {[%emt 0:00:38]} 38. Qxf5 {[%emt 0:00:18]} Rf8 {[%emt 0:01:09]} 39. Qe5 {[%emt 0:01:22]} Re8 {[%emt 0:00:35]} 40. Qf6 {[%emt 0:00:00]} Rf8 {[%emt 0:00:37]} 41. Qe7 {[%emt 0:02:39]} 1-0

[Event "EYCC 2017"]
[Site "Mamaia"]
[Date "2017.09.06"]
[Round "2"]
[White "Galiana Fernandez, Adrian"]
[Black "Gaifullin, Artur"]
[Result "1/2-1/2"]
[WhiteElo "2205"]
[BlackElo "2413"]
[Annotator "TA"]
[PlyCount "96"]
[EventDate "2017.??.??"]
[EventType "swiss"]
[EventCountry "ROU"]
[SourceTitle "playchess.com"]
[Source "ChessBase"]
[SourceQuality "1"]

{[%evp 18,96,9,-6,18,20,16,37,22,27,36,28,36,31,59,59,64,58,107,104,104,96,141,130,127,91,111,109,109,85,80,65,98,102,229,184,159,130,145,138,167,175,264,222,285,277,283,245,273,188,193,202,186,192,232,151,392,360,381,352,343,116,145,0,236,232,247,241,243,223,289,0,0,0,0,0,0,0,0,0,0]} 1. e4 e5 2. Nf3 Nc6 3. Bb5 Nf6 4. O-O Nxe4 5. Re1 Nd6 6. Nxe5 Be7 {[%cal Bf8e7,Be7f6,Bf6g7][%mdl 32]} 7. Bd3 Nxe5 8. Rxe5 O-O 9. Nc3 Bf6 {C67: Ruy Lopez: Berlin Defence: 4 0-0 Nxe4} 10. Re1 {LiveBook: 11 Games} (10. Re3 $5 {[%cal Rd3h7]} Bd4 11. Rh3 $11 (11. Qh5 g6 $11)) 10... g6 (10... c6 11. b3 Ne8 12. Ba3 d6 13. Qf3 Be6 14. Rad1 Qa5 15. Qe4 g6 16. Bb4 Qc7 17. Qf3 {0-1 (62) Dominguez Perez,L (2739)-Nakamura,H (2792) Saint Louis 2017}) 11. Nd5 $146 ({Predecessor:} 11. b3 Re8 12. Ba3 Rxe1+ 13. Qxe1 Ne8 14. Nd5 Ng7 15. Nxf6+ Qxf6 16. Rb1 d5 17. Bb2 {½-½ (45) Hausner,I (2396)-Priborsky,I (2331) Czechia 2007}) 11... Bg7 12. Ne7+ Kh8 13. Nxc8 Nxc8 14. c3 {[%cal Bc2c3,Bc3c4][%mdl 32]} d5 15. Bf1 c5 16. g3 Nd6 17. d3 a5 18. Bg2 d4 {[#]} 19. c4 $1 a4 20. h4 Ra7 21. a3 b5 22. cxb5 Nxb5 23. Qc2 Qb6 24. Bg5 Rc8 25. Bh3 f5 {[#]} (25... Rca8 $16 {keeps fighting.}) 26. h5 $1 {[%mdl 512] Strongly threatening h6.} Bf6 (26... gxh5 27. Bxf5) 27. Qd2 Rf7 28. Bf4 Rg8 29. Bg2 {Bd5 is the strong threat.} Rd7 (29... Nc7 $142 30. hxg6 Rxg6) 30. Rac1 Rc8 31. hxg6 hxg6 32. Rc4 Ra7 33. Bd5 Qd8 34. Be6 Rc6 {Black wants to play ...Re7.} 35. Rcc1 Kg7 36. Bc4 Nc7 $2 (36... Nd6 $16 {might work better.}) 37. Kg2 $18 Nd5 {[#]} 38. Bh6+ $1 Kf7 39. Bb5 $2 (39. Qf4 $18 {has better winning chances.}) 39... Qb6 $16 40. Bc4 (40. Bxc6 $16 Qxc6 41. f3) 40... Rd6 $2 (40... Qd8 $11) 41. Qe2 {[%csl Ge1][%cal Re2e8]} Qc6 42. Qf3 Ra8 43. Rh1 {Threatens to win with Bf4.} Rd7 44. Bg5 $2 (44. Rce1 $18) 44... Bxg5 $11 {The position is equal.} 45. Rh7+ Kf6 46. Rxd7 Qxd7 47. Bxd5 Bxc1 48. Bxa8 Bxb2 {Precision: White = 62%, Black = 46%.} 1/2-1/2

[Event "EYCC 2017"]
[Site "Mamaia"]
[Date "2017.09.06"]
[Round "2"]
[White "Oglaza, Oskar"]
[Black "Anghel, Iulian-Mihai"]
[Result "1-0"]
[WhiteElo "2198"]
[BlackElo "1885"]
[Annotator "NA"]
[PlyCount "55"]
[EventDate "2017.??.??"]
[EventType "swiss"]
[EventCountry "ROU"]
[SourceTitle "playchess.com"]
[Source "ChessBase"]
[SourceQuality "1"]
[TimeControl "40/5400+30:1800+30"]

1. e4 {[%emt 0:00:00]} c6 {[%emt 0:00:06]} 2. d4 {[%emt 0:00:00]} d5 {[%emt 0:00:07]} 3. e5 {[%emt 0:00:08]} Bf5 {[%emt 0:00:06]} 4. Nc3 {[%emt 0:00:05]} e6 {[%emt 0:00:12]} 5. g4 {[%emt 0:00:10]} Bg6 {[%emt 0:00:05]} 6. Nge2 {[%emt 0:00:06]} c5 {[%emt 0:00:20]} 7. h4 {[%emt 0:00:29]} h5 {[%emt 0:00:18]} 8. Nf4 {[%emt 0:00:33]} Bh7 {[%emt 0:00:07]} 9. Nxh5 {[%emt 0:01:09]} Nc6 {[%emt 0:00:21]} 10. dxc5 {[%emt 0:04:04]} Bxc5 {[%emt 0:00:09]} 11. Bd3 {[%emt 0:24:11]} Bxd3 {[%emt 0:04:18]} 12. Qxd3 {[%emt 0:01:08]} Qc7 {[%emt 0:31:30]} 13. Nxg7+ {[%emt 0:07:57]} Kf8 {[%emt 0:00:11]} 14. Nh5 {[%emt 0:00:06]} Qxe5+ {[%emt 0:12:09]} 15. Kf1 {[%emt 0:05:11]} Nb4 {[%emt 0:16:05]} 16. Qb5 {[%emt 0:03:36]} Qc7 {[%emt 0:08:17]} 17. Bf4 {[%emt 0:00:28]} Qb6 {[%emt 0:03:17]} 18. Qe2 {[%emt 0:02:24]} Bd6 {[%emt 0:06:13]} 19. Rd1 {[%emt 0:06:52]} Bxf4 {[%emt 0:02:53]} 20. Nxf4 {[%emt 0:02:05]} Qd6 {[%emt 0:03:14]} 21. Nd3 {[%emt 0:11:48]} Nxd3 {[%emt 0:01:59]} 22. Rxd3 {[%emt 0:00:07]} Nf6 {[%emt 0:04:28]} 23. Rhh3 {[%emt 0:04:04]} Qb4 {[%emt 0:02:13]} 24. Qe5 {[%emt 0:01:12]} Rh6 {[%emt 0:02:00]} 25. g5 {[%emt 0:04:36]} Ng4 {[%emt 0:01:50]} 26. Qd4 {[%emt 0:00:19]} Qxd4 {[%emt 0:00:25]} 27. Rxd4 {[%emt 0:00:07]} Nxf2 {[%emt 0:00:31]} 28. Kxf2 {[%emt 0:00:09]} 1-0

[Event "EYCC 2017"]
[Site "Mamaia"]
[Date "2017.09.06"]
[Round "2"]
[White "Martinovici, Ilie"]
[Black "Parkhov, Yair"]
[Result "1/2-1/2"]
[WhiteElo "2197"]
[BlackElo "2391"]
[Annotator "NA"]
[PlyCount "38"]
[EventDate "2017.??.??"]
[EventType "swiss"]
[EventCountry "ROU"]
[SourceTitle "playchess.com"]
[Source "ChessBase"]
[SourceQuality "1"]
[TimeControl "40/5400+30:1800+30"]

1. d4 {[%emt 0:00:00]} Nf6 {[%emt 0:00:06]} 2. c4 {[%emt 0:00:00]} e6 {[%emt 0:00:04]} 3. Nc3 {[%emt 0:00:00]} Bb4 {[%emt 0:00:06]} 4. Qc2 {[%emt 0:00:00]} O-O {[%emt 0:00:06]} 5. a3 {[%emt 0:00:25]} Bxc3+ {[%emt 0:00:06]} 6. Qxc3 {[%emt 0:00:03]} d6 {[%emt 0:00:18]} 7. g3 {[%emt 0:00:15]} e5 {[%emt 0:00:47]} 8. Bg2 {[%emt 0:04:00]} Re8 {[%emt 0:05:59]} 9. dxe5 {[%emt 0:04:28]} dxe5 {[%emt 0:00:10]} 10. Nf3 {[%emt 0:00:28]} Nc6 {[%emt 0:11:12]} 11. Be3 {[%emt 0:08:00]} a5 {[%emt 0:08:00]} 12. b3 {[%emt 0:06:43]} Qe7 {[%emt 0:03:38]} 13. O-O Bf5 {[%emt 0:06:39]} 14. Rfd1 {[%emt 0:05:34]} Ng4 {[%emt 0:05:40]} 15. Nh4 {[%emt 0:07:52]} Bc8 {[%emt 0:14:25]} 16. Nf3 {[%emt 0:16:07]} Bf5 {[%emt 0:06:07]} 17. Nh4 {[%emt 0:00:05]} Bc8 {[%emt 0:00:07]} 18. Nf3 {[%emt 0:00:04]} h6 {[%emt 0:03:24]} 19. Bd2 {[%emt 0:08:56]} Bf5 {[%emt 0:04:22]} 1/2-1/2

[Event "EYCC 2017"]
[Site "Mamaia"]
[Date "2017.09.06"]
[Round "2"]
[White "Rozman, Monika"]
[Black "Szucs, Edina"]
[Result "1-0"]
[WhiteElo "2194"]
[BlackElo "2023"]
[Annotator "NA"]
[PlyCount "87"]
[EventDate "2017.??.??"]
[EventType "swiss"]
[EventCountry "ROU"]
[SourceTitle "playchess.com"]
[Source "ChessBase"]
[SourceQuality "1"]
[TimeControl "40/5400+30:1800+30"]

1. e4 {[%emt 0:00:00]} e5 {[%emt 0:00:11]} 2. Nf3 {[%emt 0:00:00]} Nc6 {[%emt 0:00:05]} 3. Bc4 {[%emt 0:00:00]} Nf6 {[%emt 0:00:06]} 4. d3 {[%emt 0:00:01]} Be7 {[%emt 0:00:07]} 5. O-O {[%emt 0:00:30]} d6 {[%emt 0:00:22]} 6. c3 {[%emt 0:01:44]} O-O {[%emt 0:01:15]} 7. Bb3 {[%emt 0:01:00]} Na5 {[%emt 0:00:33]} 8. Bc2 {[%emt 0:00:33]} c5 {[%emt 0:00:15]} 9. Nbd2 {[%emt 0:00:51]} Nc6 {[%emt 0:00:33]} 10. Re1 {[%emt 0:02:06]} Re8 {[%emt 0:00:38]} 11. a4 {[%emt 0:04:18]} Bf8 {[%emt 0:02:24]} 12. Nf1 {[%emt 0:04:41]} g6 {[%emt 0:01:57]} 13. Bg5 {[%emt 0:01:14]} h6 {[%emt 0:00:20]} 14. Bh4 {[%emt 0:03:26]} Bg7 {[%emt 0:01:22]} 15. Ne3 {[%emt 0:01:21]} g5 {[%emt 0:12:55]} 16. Bg3 {[%emt 0:00:48]} d5 {[%emt 0:01:03]} 17. exd5 {[%emt 0:04:11]} Nxd5 {[%emt 0:00:14]} 18. Nxd5 {[%emt 0:00:10]} Qxd5 {[%emt 0:00:09]} 19. d4 {[%emt 0:00:28]} cxd4 {[%emt 0:04:52]} 20. Nxd4 {[%emt 0:11:02]} Nxd4 {[%emt 0:01:53]} 21. cxd4 {[%emt 0:00:10]} e4 {[%emt 0:05:49]} 22. Bb3 {[%emt 0:04:02]} Qd8 {[%emt 0:07:21]} 23. Qh5 {[%emt 0:11:34]} Be6 {[%emt 0:05:07]} 24. d5 {[%emt 0:02:29]} Bf5 {[%emt 0:06:56]} 25. d6 {[%emt 0:09:18]} Qd7 {[%emt 0:00:53]} 26. Qe2 {[%emt 0:11:30]} Be6 {[%emt 0:15:30]} 27. Bxe6 {[%emt 0:02:19]} Qxe6 {[%emt 0:01:32]} 28. Rad1 {[%emt 0:04:14]} f5 {[%emt 0:01:02]} 29. h4 {[%emt 0:04:18]} Rad8 {[%emt 0:05:46]} 30. hxg5 {[%emt 0:06:31]} hxg5 {[%emt 0:00:09]} 31. Bh2 {[%emt 0:00:04]} f4 {[%emt 0:06:06]} 32. Qb5 {[%emt 0:00:24]} Qg4 {[%emt 0:03:37]} 33. f3 {[%emt 0:03:34]} Qh4 {[%emt 0:04:26]} 34. Qd5+ {[%emt 0:00:18]} Kh8 {[%emt 0:00:21]} 35. Rxe4 {[%emt 0:01:08]} g4 {[%emt 0:01:46]} 36. fxg4 {[%emt 0:01:34]} Rxe4 {[%emt 0:00:14]} 37. Qxe4 {[%emt 0:00:13]} Qxg4 {[%emt 0:00:15]} 38. Rd3 {[%emt 0:01:07]} Qg5 {[%emt 0:02:03]} 39. Bxf4 {[%emt 0:03:01]} Qc5+ {[%emt 0:01:03]} 40. Kh1 {[%emt 0:00:00]} b6 {[%emt 0:01:59]} 41. Rh3+ {[%emt 0:02:11]} Kg8 {[%emt 0:00:12]} 42. Qe6+ {[%emt 0:00:13]} Kf8 {[%emt 0:00:44]} 43. Rh8+ {[%emt 0:00:51]} Bxh8 {[%emt 0:00:34]} 44. Bh6+ {[%emt 0:00:05]} 1-0